书目信息 |
| 题名: |
水力学
|
|
| 作者: | 王亚玲 主编 | |
| 分册: | ||
| 出版信息: | 北京 人民交通出版社 2005.06 |
|
| 页数: | 155页 | |
| 开本: | 26cm | |
| 丛书名: | ||
| 单 册: | ||
| 中图分类: | TV13 | |
| 科图分类: | ||
| 主题词: | 水力学 | |
| 电子资源: | ||
| ISBN: | 7-114-05490-4 | |
| 000 | 00764nam0 2200253 450 | |
| 001 | 0110258491 | |
| 005 | 20050919170914.81 | |
| 010 | @a7-114-05490-4@dCNY19.00 | |
| 100 | @a20050703d2005 km y0chiy0120 ea | |
| 101 | 0 | @achi |
| 102 | @aCN@b110000 | |
| 105 | @aa a 000yy | |
| 200 | 1 | @a水力学@Ashui li xue@f王亚玲主编@Fwang ya ling zhu bian |
| 210 | @a北京@c人民交通出版社@d2005.06 | |
| 215 | @a155页@c图@d26cm | |
| 300 | @a21世纪交通版。 | |
| 320 | @a有书目。 | |
| 330 | @a本书内容包括:绪论、水静力学、水动力学、水流阻力、明渠均匀流、明渠非均匀流、堰流、小桥与涵洞水力计算。 | |
| 333 | @a高等学校试用教材 | |
| 606 | 0 | @a水力学 |
| 690 | @aTV13@v4 | |
| 701 | 0 | @a王亚玲@Awang ya ling@4主编 |
| 801 | 0 | @aCN@bQSSK@c20050919 |
| 905 | @a10447@dTV13@eW413 | |
| 水力学/王亚玲主编.-北京:人民交通出版社,2005.06 |
| 155页:图;26cm |
| 21世纪交通版。.-使用对象:高等学校试用教材 |
| ISBN 7-114-05490-4:CNY19.00 |
| 本书内容包括:绪论、水静力学、水动力学、水流阻力、明渠均匀流、明渠非均匀流、堰流、小桥与涵洞水力计算。 |
| ● |
| 相关链接 |
|
|
|
正题名:水力学
索取号:TV13/W413
 
预约/预借
| 序号 | 登录号 | 条形码 | 馆藏地/架位号 | 状态 | 备注 |
| 1 | 523542 | 205235422 | 市政与环境工程学院资料室/501自科库 47排4列2层/ [索取号:TV13/W413] | 在馆 | |
| 2 | 523543 | 205235431 | 市政与环境工程学院资料室/501自科库 47排4列2层/ [索取号:TV13/W413] | 在馆 |